000 00336nam a2200097Ia 4500
008 180130s9999 xx 000 0 und d
245 _cWest, Michael
_aPreventing system intrusions
260 _c2013
300 _aBook title: Computer and information security handbook--Acession number C20545; pages 63-80
650 _aINFORMATION SECURITY
999 _c354127
_d354127